Solné jezero : román z andských hor /

Hlavní autor: Burgos, Fausto, 1888-1953
Korporativní autor: Světový literární klub
Další autoři: Šebesta, Julius
Jazyk: Čeština
Vydáno: V Praze : Nakladatelské družstvo Máje, 1942
Fyzický popis: 183 stran ; 21 cm
Knihy
Uloženo v:
LEADER 01145nam a22003257i 4500
001 001936805
003 CZ BrMZK
005 20250528081242.0
007 ta
008 250528s1942 xr er|||||||||||cze d
015 |a cnb000757654 
035 |a (OCoLC)85658412 
040 |a ABA001  |b cze  |c OSA001  |d ABA001  |d BOA001  |e rda 
041 1 |a cze  |h spa 
100 1 |a Burgos, Fausto,  |d 1888-1953  |7 xx0016358  |4 aut 
240 1 0 |a Salar.  |l Česky 
245 1 0 |a Solné jezero :  |b román z andských hor /  |c Fausto Burgos ; z argentinského španělského originálu "El Salar" přeložil Julius Šebesta 
264 1 |a V Praze :  |b Nakladatelské družstvo Máje,  |c 1942 
300 |a 183 stran ;  |c 21 cm 
336 |a text  |b txt  |2 rdacontent 
337 |a bez média  |b n  |2 rdamedia 
338 |a svazek  |b nc  |2 rdacarrier 
500 |a Obálka F. Sodomy 
550 |a Vydavatel: Světový literární klub 
700 1 |a Šebesta, Julius  |4 trl 
710 2 |a Světový literární klub  |7 ko2003186612  |4 isb 
910 |a BOA001  |b 2-0165.022 
990 |a BK 
991 |b 202505 
996 6 |b 2618794807  |c 2-0165.022  |l MZK  |r Sklad / do 24 hodin  |n 0  |w 002006772  |u 000010  |a 1  |e BOA001  |j MZK50  |s P